Đang tải...
EVALUATION OFAMBIENTAIR QUALITY BY PERSONNEL MONITORING
| Tác giả chính: | |
|---|---|
| Ngôn ngữ: | English |
| Được phát hành: |
Flordia
Crc
1979
|
| LEADER | 00330nam a22001217a 4500 | ||
|---|---|---|---|
| 005 | 20151028162403.0 | ||
| 008 | 100518t xxu||||| |||| 00| 0 eng d | ||
| 082 | |a 628.53 |b M1.1 | ||
| 100 | |a Linch,A L |9 26233 | ||
| 245 | |a EVALUATION OFAMBIENTAIR QUALITY BY PERSONNEL MONITORING | ||
| 942 | |c REF |6 _ | ||
| 260 | |a Flordia |b Crc |c 1979 | ||
| 999 | |c 81324 |d 81324 | ||